Estatísticas para Times por Escudo - Primeira División 2023 (Paraguai)

Clique aqui para jogar o quiz

Estatísticas Gerais

  • Esse quiz foi jogado 53 vezes
  • A pontuação média é 5 de 12

Estatísticas das Respostas

Resposta% Correto
Olimpia
98%
Libertad
92%
Cerro Porteño
88%
Guaraní
88%
Nacional
88%
Sportivo Luqueño
37%
Guaireña
14%
Tacuary
14%
General Caballero JLM
12%
Resistencia
6%
Trinidense
6%
Sportivo Ameliano
4%

Distribuição das Pontuações

Percentil de Números Respondidos

Porcentagem de Pessoas com Cada Pontuação

Sua Pontuação Histórica

Você não jogou esse quiz